000 00465nam a2200181Ia 4500
005 20250508152202.0
008 008 250505s9999 xx 000 0 eng d
037 _aTextual
040 _aFEDL
_beng
_cFEDL
041 _aeng
_2eng
084 _aF, STE
_qFEDL
100 _aStendhal
245 0 _aScarlet and black
260 _aLondon, UK
_bJ M Dent and Sons Limited
_c1948
300 _a349p.
942 _cTEXL
_hF, STE
999 _c1334834
_d1334834